00413nam a2200157 a 4500008004100000020001500041050001500056100002300071245003200094260004000126300002000166350000900186650001100195650002700206700002200233120416s1971 ||||||||||||||||| || u a0435603124 aQK 725 Bra aBracegirdle, Brian13aAn atlas of plant structure aLondonbHeinemann Educationalc1971 ax, 147p. : ill. a0.00 aPLANTS aPlant anatomy--Atlases aMiles, Patricia H